000 00678nam a22002177a 4500
005 20170124105941.0
010 _aB-098337
020 _c195.00
_a8175101652
035 _aB-098337
037 _bCen Lib/Ret
040 _aDPL
_bEN
082 _a230.303
_bDIC
245 _aDictionary of spritualism /
_cedited by Surendra P. Singh [and] Neelam Singh
260 _aNew Delhi
_bReliance publishing house
_c2003
270 _bNew Delhi
_a3026/H, Ranjit Nagar
_e110085
300 _a183p.
_c21cm(Hb)
650 _aSpiritualism
_y
_vdictionary
_991067
700 _aSurendra P. Singh
_911371
700 _aNeelam Singh
_911372
942 _2ddc
_cEN
_h230.303
_mDIC
999 _c124613
_d124613